01425naa a22003737a 4500001001000000003000900010005001700019007000300036008003400039040005400073041000900127072001500136090001800151100001400169100001300183100001400196100002200210111008600232245013000318260003400448500011400482650001800596650001700614650002600631650001200657650002400669650002000693650000900713773011100722909003600833942001400869999001900883952014900902BR8005843BR-BrBNA20240918174652.0ta230509b bl.||||| |||| 00| 0 por d aBR-BrBNAbporcBiblioteca Nacional de Agricultura a(Pt) aP10b/G514 aP10 BR80058431 aFenzi, N.1 aRijo, L.1 aPiuci, J.1 aGuimaraes, P.B.M.1 a1. Congresso Brasileiro de Aguas SubterraneascRecife, PE (Brazil)d9-14 Nov 19801 aInterpretacao, classificacao e apresentacao de dados hidroquimicos para uso humano e agricola [recurso hidrico, Para, Brasil]3 aRecife, PE (Brasil): c1980.  aAnais do 1. Congresso Brasileiro de Aguas Subterraneas Recife, PE (Brasil): 1980. p. 85-97 (BR8005843-AM)P10  aHIDROGEOLOGIA aAGUA POTAVEL aABASTECIMENTO DE AGUA aCONSUMO aANALISE QUALITATIVA aANALISE QUIMICA aPARA0 tAnais do 1. Congresso Brasileiro de Aguas SubterraneaswP10 BR8005843gRecife, PE (Brasil), 1980. p. 85-97 a202404bLuciac55dLucia Elande cAM2AGRIS c312740d312740 002AGRIS40708Acervo Gerala41918b41918cAgrobasel0o5300 BR9804115r2024-05-20t01yAM10d2024-04-11ePortaria Interministerial nÂș 164/94